000
00294nam a22001337a 4500
008
181029b xxu||||| |||| 00| 0 eng d
020
_a
9780312601485
041
_a
eng
080
_2
7th
_a
371
100
_a
46
101
_a
EDU
245
_a
A Writer's Reference
_c
Hacker,D
942
_2
udc
_c
BK
999
_c
50972
_d
50972